| 000 | 00461nam a2200181Ia 4500 | ||
|---|---|---|---|
| 001 | 20252 | ||
| 005 | 20260306172752.0 | ||
| 008 | 260306t2009||||xx |||||||||||||| ||spa|| | ||
| 041 | _aESP | ||
| 082 |
_a343.07 _bB25 |
||
| 100 |
_aBarranco Avilés, María del Carmen _eAUT |
||
| 245 | 0 | _aTeoría del derecho y de derechos fundamentales | |
| 260 | _c2009 | ||
| 300 |
_a584 páginas : _c21 cm. |
||
| 650 | _aGEN | ||
| 654 | _aCDE | ||
| 942 |
_cLIB _dJUS _fJUS _2ddc _n |
||
| 999 |
_c20252 _d20252 |
||